[Event "Druzynowe Mistrzostwa Polski Juniorow - I Liga 2018"]
[Site "Kudowa-Zdroj"]
[Date "1899-12-30"]
[Round "1.28"]
[White "Dziewonski, Dariusz"]
[Black "Knapik, Kamil"]
[Result "1/2-1/2"]
[WhiteTitle "I"]
[BlackTitle "II"]
[WhiteElo "1733"]
[BlackElo "1479"]

1. e4 c5 2. Nf3 Nc6 3. d4 cxd4 4. Nxd4 e5 5. Nb5 Nf6 6. Bg5 Bc5 7. N1c3 h6 8. Bh4
a6 9. Nd6+ Bxd6 10. Qxd6 Nxe4 11. Qxc6 bxc6 12. Bxd8 Nxc3 13. Bc7 Ne4 14. f3 Ng5
15. Bxe5 O-O 16. Bd6 Re8+ 17. Kf2 Re6 18. Rd1 Rf6 19. Bd3 Rxd6 20. Bh7+ Kf8 21.
Rxd6 Nxh7 22. c4 Nf6 23. Rhd1 a5 24. R6d3 Ba6 25. Rc3 Rb8 26. b3 Re8 27. Re3 Rb8
28. Rc3 Re8 29. Re1 Rb8 30. Rd1 Re8 31. Re3 Kg8 1/2-1/2

[Event "Druzynowe Mistrzostwa Polski Juniorow - I Liga 2018"]
[Site "Kudowa-Zdroj"]
[Date "1899-12-30"]
[Round "1.29"]
[White "Budkiewicz, Magdalena"]
[Black "Mazanowska, Aniela"]
[Result "1/2-1/2"]
[WhiteTitle "I++"]
[BlackTitle "II"]
[WhiteElo "1774"]
[BlackElo "1313"]

1. e4 e5 2. Nf3 Nc6 3. Bb5 Nf6 4. O-O a6 5. Ba4 b5 6. Bb3 Bc5 7. Re1 O-O 8. c3
d6 9. h3 Re8 10. d3 Ne7 11. Nbd2 Ng6 12. Nf1 h6 13. Ng3 d5 14. exd5 Nxd5 15. d4
Bb6 16. Nxe5 Nxe5 17. dxe5 c6 18. Qf3 Bc7 19. Qh5 f6 20. Bxh6 Rxe5 21. Qg6 Qe7
22. Rxe5 Bxe5 23. Bc2 Kf8 24. Bd2 Qf7 25. Qh7 Qg8 26. Qe4 Qe6 27. Re1 Bd7 28.
f4 Nxf4 29. Bxf4 Bxf4 30. Qxe6 Bxe6 31. Rxe6 Bxg3 32. Kf1 Re8 33. Rxe8+ Kxe8 34.
Be4 Kd7 35. Ke2 Kd6 36. Kf3 Be1 37. Kg4 c5 38. Kf5 Bd2 39. Kg6 Bc1 40. Kxg7 Bxb2
41. Kxf6 Bxc3+ 42. Kf5 c4 43. g4 a5 44. g5 a4 45. Bc2 a3 46. h4 b4 47. h5 b3 48.
Bb1 Be5 49. Ke4 c3 50. Kd3 c2 51. Bxc2 bxc2 52. Kxc2 Ke6 53. Kb3 Bb2 54. g6 Kf6
55. Ka4 Kg7 56. Kb3 Kh6 1/2-1/2

[Event "Druzynowe Mistrzostwa Polski Juniorow - I Liga 2018"]
[Site "Kudowa-Zdroj"]
[Date "1899-12-30"]
[Round "1.30"]
[White "Czarnecka, Lidia"]
[Black "Slusarczyk, Anna"]
[Result "1-0"]
[WhiteTitle "I++"]
[BlackTitle "II+"]
[WhiteElo "1767"]
[BlackElo "1078"]

1. e4 c5 2. Nf3 d6 3. d4 cxd4 4. Nxd4 Nf6 5. Nc3 a6 6. Bg5 Nbd7 7. f4 e6 8. Qf3
Qc7 9. O-O-O b5 10. a3 Bb7 11. g4 O-O-O 12. Bh4 e5 13. Nb3 h6 14. g5 hxg5 15.
Bxg5 Kb8 16. Bh3 Nb6 17. fxe5 Rxh3 18. Qxh3 Rc8 19. exf6 Bxe4 20. Rhe1 d5 21.
Rxe4 dxe4 22. Qg3 Qxg3 23. hxg3 gxf6 24. Bxf6 Bh6+ 25. Kb1 Nc4 26. Nxe4 Ne3 27.
Rd8 Rxd8 28. Bxd8 Bg7 29. Nbc5 Ka7 30. Bf6 Bf8 31. Bd4 Nf5 32. Bf2 Bh6 33. g4
Ne7 34. g5 Bf8 35. Ne6+ Kb7 36. Nxf8 Kc7 37. Nh7 Ng6 38. Nhf6 Kd8 39. Kc1 Ke7
40. Kd2 Ke6 41. Be3 Ne5 42. b3 Ng6 43. Nc5+ Kf5 44. Nxa6 Ne5 45. Nc7 Nf3+ 46.
Ke2 Nxg5 47. Bxg5 Kxg5 48. Ne4+ Kg6 49. Nxb5 f5 50. Nf2 Kg5 51. a4 Kh4 52. a5
Kg3 53. a6 f4 54. a7 f3+ 55. Ke3 Kg2 56. a8=Q Kg1 57. Qxf3 Kh2 58. Qh1+ 1-0

[Event "Druzynowe Mistrzostwa Polski Juniorow - I Liga 2018"]
[Site "Kudowa-Zdroj"]
[Date "1899-12-30"]
[Round "2.1"]
[White "Grela, Kacper"]
[Black "Brozyna, Mateusz"]
[Result "1-0"]
[WhiteTitle "FM"]
[BlackTitle "k"]
[WhiteElo "2320"]
[BlackElo "2098"]

1. d4 Nf6 2. c4 g6 3. Nc3 Bg7 4. e4 d6 5. Nf3 O-O 6. Be2 e5 7. O-O Nc6 8. d5 Ne7
9. a4 a5 10. Ne1 Nd7 11. Nd3 f5 12. f3 f4 13. Nb5 g5 14. b4 b6 15. Bd2 axb4 16.
Bxb4 Nf6 17. Nf2 h5 18. h3 Ng6 19. a5 bxa5 20. Rxa5 Rxa5 21. Bxa5 Ne8 22. c5 Qd7
23. Na7 dxc5 24. Nxc8 Qxc8 25. Qc2 Rf7 26. Nd3 c4 27. Qxc4 Nd6 28. Qc6 Qb7 29.
Rc1 Qb3 30. Bxc7 Nb5 31. Qxg6 Nxc7 32. d6 Ne6 33. Kh2 Rf6 34. Qe8+ Rf8 35. d7
1-0

[Event "Druzynowe Mistrzostwa Polski Juniorow - I Liga 2018"]
[Site "Kudowa-Zdroj"]
[Date "1899-12-30"]
[Round "2.2"]
[White "Pietrzak, Tomasz"]
[Black "Karykowska, Anna"]
[Result "0-1"]
[WhiteTitle "II"]
[BlackTitle "k"]
[WhiteElo "1617"]
[BlackElo "1869"]

1. d4 Nf6 2. c4 e6 3. Nc3 Bb4 4. Qc2 O-O 5. Nf3 d6 6. Bd2 Nbd7 7. a3 Bxc3 8. Bxc3
Qe7 9. e3 e5 10. d5 Re8 11. Be2 b5 12. b3 Nb6 13. O-O bxc4 14. bxc4 Bg4 15. Ba5
c6 16. dxc6 Rec8 17. Rfb1 Rxc6 18. Bxb6 axb6 19. Rb5 h6 20. Qb2 Qc7 21. h3 Bh5
22. Bd1 Rb8 23. Nd2 Bg6 24. Be2 Ne4 25. Nxe4 Bxe4 26. a4 Rc5 27. a5 Rxb5 28. Qxb5
bxa5 29. Qxa5 Rb1+ 30. Kh2 Qxa5 31. Rxa5 Rb2 32. Bf3 Bxf3 33. gxf3 Rxf2+ 34. Kg3
Rc2 35. Ra8+ Kh7 36. Rd8 Rxc4 37. Rxd6 e4 38. fxe4 Rxe4 39. Kf3 Ra4 40. Rc6 f6
41. e4 Ra3+ 42. Kg4 Re3 43. Rc4 Kg6 44. Kh4 h5 45. Rc5 Rxe4+ 46. Kg3 h4+ 47. Kf3
Ra4 48. Rc3 Kg5 49. Rd3 f5 50. Rc3 Ra2 51. Rc7 g6 52. Rc1 Rh2 0-1

[Event "Druzynowe Mistrzostwa Polski Juniorow - I Liga 2018"]
[Site "Kudowa-Zdroj"]
[Date "1899-12-30"]
[Round "2.3"]
[White "Kejna, Piotr"]
[Black "Suder, Jakub"]
[Result "1-0"]
[WhiteTitle "CM"]
[BlackTitle "I+"]
[WhiteElo "1505"]
[BlackElo "1837"]

1. e4 c5 2. Nf3 e6 3. d4 cxd4 4. Nxd4 a6 5. f4 d5 6. e5 Nc6 7. c3 Bd7 8. Be3 Qc7
9. Nd2 f6 10. Nxc6 bxc6 11. Nf3 f5 12. Bd3 Nh6 13. h3 c5 14. O-O Nf7 15. Re1 Be7
16. Qd2 h6 17. g4 g6 18. Bf2 Qc6 19. Qe2 Nd8 20. Kh2 Nb7 21. Rg1 O-O-O 22. Bxa6
Qa4 23. Be3 Rdg8 24. b3 Qc6 25. a4 g5 26. Bb5 Qc7 27. Bxd7+ Kxd7 28. gxf5 exf5
29. Qd3 Ke6 30. Rad1 Rd8 31. fxg5 hxg5 32. Bxg5 Rh5 33. Qa6+ Nd6 34. Bxe7 Qxe7
35. exd6 Rxd6 36. Qe2+ Kd7 37. Qxe7+ Kxe7 38. Rg7+ Kf6 39. Rdg1 Rh6 40. Rc7 d4
41. cxd4 cxd4 42. Nxd4 Ke5 43. Nf3+ Kf4 44. Rc3 Rde6 45. Rg2 Rb6 46. Rd2 Rbe6
47. Rd4+ Re4 48. Rxe4+ fxe4 49. Ne1 e3 50. Ng2+ Kf3 51. Rxe3+ Kf2 52. Rg3 Ra6
53. Ne3 Re6 54. Ng4+ Kf1 55. Rf3+ Ke2 56. Re3+ 1-0

[Event "Druzynowe Mistrzostwa Polski Juniorow - I Liga 2018"]
[Site "Kudowa-Zdroj"]
[Date "1899-12-30"]
[Round "2.4"]
[White "Dziewonski, Dariusz"]
[Black "Eigner, Jerzy"]
[Result "1/2-1/2"]
[WhiteTitle "I"]
[BlackTitle "II+"]
[WhiteElo "1733"]
[BlackElo "1352"]

1. e4 c5 2. Nf3 e6 3. Nc3 Nc6 4. d4 cxd4 5. Nxd4 Qc7 6. Be3 Nf6 7. a3 a6 8. Be2
b5 9. O-O Bb7 10. Bf3 Be7 11. Nb3 Ne5 12. Bf4 Nxf3+ 13. Qxf3 e5 14. Bg3 O-O 15.
Qf5 d6 16. Qf3 Qb6 17. Qe2 Rae8 18. Kh1 Nxe4 19. Nxe4 f5 20. f3 fxe4 21. fxe4
a5 22. Bf2 Qc6 23. Rae1 Bd8 24. Bg3 a4 25. Nc1 Rxf1+ 26. Qxf1 Qxc2 27. Qxb5 Bc6
28. Qd3 Qxb2 29. Qxd6 Bxe4 30. Rxe4 Qxc1+ 31. Re1 Qc7 32. Qd5+ Qf7 33. Qxf7+ Kxf7
34. Re4 Bf6 35. Rxa4 e4 36. Kg1 e3 37. Be1 Kg6 38. Kf1 e2+ 39. Kf2 Be5 40. g3
h5 41. h4 Re6 42. Kf3 Bd6 43. Re4 Rxe4 44. Kxe4 Bxa3 45. Kf3 Kf5 46. Kxe2 Kg4
47. Kf2 Bd6 48. Kg2 g6 49. Bf2 1/2-1/2

[Event "Druzynowe Mistrzostwa Polski Juniorow - I Liga 2018"]
[Site "Kudowa-Zdroj"]
[Date "1899-12-30"]
[Round "2.5"]
[White "Lascar, Maria Elena"]
[Black "Mazanowska, Aniela"]
[Result "1-0"]
[WhiteTitle "I+"]
[BlackTitle "II"]
[WhiteElo "1604"]
[BlackElo "1313"]

1. e4 e5 2. Nf3 Nc6 3. Nc3 Nf6 4. d4 exd4 5. Nxd4 Bb4 6. Nxc6 bxc6 7. Bd3 O-O 8.
O-O Re8 9. Re1 d5 10. exd5 cxd5 11. Bg5 Be6 12. Qf3 d4 13. Ne4 Bg4 14. Nxf6+ gxf6
15. Rxe8+ Qxe8 16. Qxg4 fxg5 17. Qxg5+ Kh8 18. Qf6+ Kg8 19. Qh6 Rb8 20. Bxh7+
Kh8 21. Bd3+ Kg8 22. Qh7+ Kf8 23. Qh8+ Ke7 24. Qxd4 Qh8 25. Qxa7 Qxb2 26. Qxc7+
Kf6 27. Qf4+ Ke7 28. Rd1 Rd8 29. Qh4+ f6 30. Qh7+ Kf8 31. Qh8+ Ke7 32. Qg7+ Kd6
33. Bf1+ Kc6 34. Rxd8 Qe5 35. Qd7+ Kc5 36. Qb5# Kd5 1-0

[Event "Druzynowe Mistrzostwa Polski Juniorow - I Liga 2018"]
[Site "Kudowa-Zdroj"]
[Date "1899-12-30"]
[Round "2.6"]
[White "Czarnecka, Lidia"]
[Black "Szachniewicz, Weronika"]
[Result "1-0"]
[WhiteTitle "I++"]
[BlackTitle "II+"]
[WhiteElo "1767"]
[BlackElo "1057"]

1. e4 c5 2. Nf3 e6 3. Nc3 Nc6 4. d4 cxd4 5. Nxd4 Bb4 6. Ndb5 Bxc3+ 7. Nxc3 a6 8.
a4 Nge7 9. Bc4 O-O 10. O-O b6 11. Be3 Qc7 12. Qe2 Bb7 13. Rad1 Nb4 14. Bg5 Ng6
15. Bb3 h6 16. Be3 Rfd8 17. Qh5 Rac8 18. f4 d5 19. f5 exf5 20. exf5 Ne7 21. f6
Ng6 22. fxg7 Kxg7 23. Qxh6+ Kg8 24. Bd4 Ne5 25. Qg5+ Kf8 26. Bxe5 Qc6 27. Qg7+
Ke8 28. Qxf7# 1-0

[Event "Druzynowe Mistrzostwa Polski Juniorow - I Liga 2018"]
[Site "Kudowa-Zdroj"]
[Date "1899-12-30"]
[Round "2.7"]
[White "Woloch, Oskar"]
[Black "Golenia, Jan"]
[Result "0-1"]
[WhiteTitle "k"]
[BlackTitle "I"]
[WhiteElo "2137"]
[BlackElo "1986"]

1. d4 Nf6 2. c4 g6 3. Nc3 d5 4. Bg5 dxc4 5. e4 Bg7 6. Bxc4 O-O 7. f3 c5 8. d5 Nbd7
9. f4 Qa5 10. e5 Qb4 11. Bb3 c4 12. Qd4 Nxd5 13. Qxd5 cxb3 14. a3 Qc5 15. Nge2
Qxd5 16. Nxd5 f6 17. Nxe7+ Kf7 18. Nd5 fxg5 19. e6+ Kg8 20. Nc7 Nc5 21. e7 Bf5
22. exf8=Q+ Rxf8 23. Nd5 Re8 24. Rd1 Bxb2 25. fxg5 Bc2 26. Kd2 Ne4+ 0-1

[Event "Druzynowe Mistrzostwa Polski Juniorow - I Liga 2018"]
[Site "Kudowa-Zdroj"]
[Date "1899-12-30"]
[Round "2.8"]
[White "Golenia, Wojciech"]
[Black "Lambrecht, Tomasz"]
[Result "1-0"]
[WhiteTitle "I++"]
[BlackTitle "II"]
[WhiteElo "1984"]
[BlackElo "1544"]

1. d4 c5 2. c3 d5 3. Nf3 Nf6 4. Bf4 e6 5. e3 Be7 6. Nbd2 Nc6 7. h3 O-O 8. Qc2 b6
9. g4 Bb7 10. Ne5 Nxe5 11. Bxe5 Nd7 12. Bg3 Bh4 13. Bxh4 Qxh4 14. Bb5 Qe7 15.
O-O-O Rfc8 16. Bxd7 Qxd7 17. Nf3 Qe7 18. Kb1 b5 19. h4 b4 20. Ng5 g6 21. f4 f6
22. h5 Rc7 23. Nxh7 Qxh7 24. hxg6 Qe7 25. Rh7 Qd6 26. Qh2 1-0

[Event "Druzynowe Mistrzostwa Polski Juniorow - I Liga 2018"]
[Site "Kudowa-Zdroj"]
[Date "1899-12-30"]
[Round "2.9"]
[White "Gorkiewicz, Mateusz"]
[Black "Wrona, Florian"]
[Result "1-0"]
[WhiteTitle "I"]
[BlackTitle "I"]
[WhiteElo "1870"]
[BlackElo "1660"]

1. e4 c5 2. Nf3 d6 3. d4 cxd4 4. Nxd4 Nf6 5. Nc3 g6 6. Be2 Bg7 7. O-O O-O 8. Bg5
Nc6 9. Nb3 Bd7 10. Re1 a6 11. Bf1 Qc7 12. Nd5 Qd8 13. Nxf6+ exf6 14. Bf4 f5 15.
Bxd6 Re8 16. c3 fxe4 17. Nc5 Qc8 18. Nxe4 Bf5 19. Qd5 Bxe4 20. Rxe4 Qd7 21. Rxe8+
Rxe8 22. Rd1 Rd8 23. Bc4 Bf6 24. Bg3 Qe7 25. Qf3 Rxd1+ 26. Qxd1 Be5 27. a3 Kg7
28. Qd2 h5 29. Bb3 h4 30. Bxe5+ Qxe5 31. h3 f5 32. Bd1 Kf6 33. Bf3 g5 34. Kf1
Qh2 35. Qd7 Qf4 36. Qd1 Qc4+ 37. Qe2 Qf4 38. Qd1 Qc4+ 39. Kg1 Qb5 40. Qd6+ Kg7
41. Qd7+ Kf6 42. Bd5 Qxb2 43. Qf7+ Ke5 44. Qe6+ Kf4 45. Qe3# 1-0

[Event "Druzynowe Mistrzostwa Polski Juniorow - I Liga 2018"]
[Site "Kudowa-Zdroj"]
[Date "1899-12-30"]
[Round "2.10"]
[White "Knapik, Kamil"]
[Black "Musin, Pawel"]
[Result "1-0"]
[WhiteTitle "II"]
[BlackTitle "II"]
[WhiteElo "1479"]
[BlackElo "1202"]

1. d4 d5 2. Nf3 Nf6 3. Bf4 Bf5 4. e3 e6 5. Bd3 Bg4 6. Nbd2 Bd6 7. Bg3 Nc6 8. c3
Ne7 9. Qc2 Bf5 10. Be5 Bxe5 11. Nxe5 Nd7 12. Nxd7 Qxd7 13. f3 Bxd3 14. Qxd3 f5
15. O-O O-O 16. e4 fxe4 17. fxe4 dxe4 18. Nxe4 Qd5 19. b3 Nf5 20. Rae1 Rae8 21.
Ng5 g6 22. Re5 Qc6 23. Rfe1 Ng7 24. Qh3 h5 25. Nxe6 Nxe6 26. Rxe6 Rxe6 27. Rxe6
Qb5 28. c4 Qf5 29. Qxf5 Rxf5 30. Rxg6+ Kf7 31. Rg3 Ra5 32. a4 Ke6 33. Rg6+ Kd7
34. d5 c5 35. Rh6 b5 36. cxb5 c4 37. bxc4 Rxa4 38. c5 Ra5 39. c6+ Kc8 40. d6 Rxb5
41. Rh8# 1-0

[Event "Druzynowe Mistrzostwa Polski Juniorow - I Liga 2018"]
[Site "Kudowa-Zdroj"]
[Date "1899-12-30"]
[Round "2.12"]
[White "Slusarczyk, Anna"]
[Black "Mytnik, Kinga"]
[Result "0-1"]
[WhiteTitle "II+"]
[BlackTitle "I"]
[WhiteElo "1078"]
[BlackElo "1446"]

1. e4 d6 2. d4 Nf6 3. Nc3 Nbd7 4. Nf3 e5 5. dxe5 dxe5 6. Bc4 Be7 7. Bg5 h6 8. Bh4
c6 9. Bg3 Qc7 10. Nh4 b5 11. Bd3 g6 12. a3 a5 13. O-O h5 14. Qd2 Nh7 15. Nf3 g5
16. h4 g4 17. Nh2 Nhf8 18. f4 Ng6 19. fxe5 Ndxe5 20. Qf2 Qa7 21. Qxa7 Rxa7 22.
Bxe5 Nxe5 23. g3 Rh6 24. Ne2 Bc5+ 25. Kh1 Be3 26. Nf4 Rd7 27. Rad1 Bxf4 28. Rxf4
Rd4 29. Nf1 Rhd6 30. Kg2 Nxd3 31. cxd3 Rxd3 32. Rxd3 Rxd3 33. Rf6 Rb3 34. Rf2
Ke7 35. Rd2 Bb7 36. Kf2 Rf3+ 37. Ke2 b4 38. Nh2 Ba6+ 39. Ke1 Rxg3 40. Kf2 Rh3
41. Kg2 Bd3 42. Nf1 Bxf1+ 43. Kxf1 Rh1+ 44. Kg2 Re1 45. axb4 axb4 46. Rc2 Rxe4
47. Rxc6 Re2+ 48. Kg3 Rxb2 49. Rc1 Rb3+ 50. Kf4 Rc3 51. Rb1 b3 52. Kg5 Rc5+ 53.
Kh6 Rb5 54. Rb2 g3 55. Kg7 f5 56. Kg6 f4 57. Kg7 f3 58. Kg6 g2 59. Rxg2 fxg2 0-1

[Event "Druzynowe Mistrzostwa Polski Juniorow - I Liga 2018"]
[Site "Kudowa-Zdroj"]
[Date "1899-12-30"]
[Round "2.13"]
[White "Fus, Jakub"]
[Black "Teclaf, Pawel"]
[Result "1/2-1/2"]
[WhiteTitle "k"]
[BlackTitle "CM"]
[WhiteElo "2195"]
[BlackElo "2399"]

1. e4 c6 2. d4 d5 3. exd5 cxd5 4. Bd3 Nc6 5. c3 Qc7 6. Ne2 Bg4 7. O-O e6 8. Qe1
Bxe2 9. Qxe2 Nf6 10. f4 Bd6 11. g3 h5 12. Nd2 h4 13. Nf3 O-O-O 14. Bd2 hxg3 15.
hxg3 Ng4 16. Rad1 Be7 17. b4 Rh3 18. Kg2 Rdh8 19. Rh1 Rxh1 20. Rxh1 Rxh1 21. Kxh1
Nf6 22. Ng5 Bd8 23. Kg2 g6 24. Nxe6 fxe6 25. Qxe6+ Qd7 26. Qxd7+ Kxd7 27. Bxg6
Ne7 28. Bd3 Ne4 29. Be1 Nf5 30. Kf3 Ke6 31. g4 Nh4+ 32. Bxh4 Bxh4 33. Bxe4 dxe4+
34. Kxe4 b5 35. g5 Kd6 36. Kf5 Ke7 37. Kg6 Be1 38. f5 Bxc3 39. d5 Kf8 40. f6 Bxb4
41. Kf5 Ba5 42. Kg6 Bd8 43. Kh7 Bxf6 44. gxf6 Kf7 45. d6 Kxf6 46. d7 Ke7 47. Kg6
Kxd7 48. Kf5 b4 49. Ke4 Kc6 50. Kd3 Kb5 51. Kc2 Kc4 52. Kb2 a5 53. Kc2 a4 54.
Kb2 Kd3 55. a3 b3 56. Kb1 Kc3 57. Kc1 b2+ 58. Kb1 Kb3 1/2-1/2

[Event "Druzynowe Mistrzostwa Polski Juniorow - I Liga 2018"]
[Site "Kudowa-Zdroj"]
[Date "1899-12-30"]
[Round "2.14"]
[White "Galuszka, Tomasz"]
[Black "Jarzebowski, Kacper"]
[Result "0-1"]
[WhiteTitle "I+"]
[BlackTitle "I++"]
[WhiteElo "1989"]
[BlackElo "1969"]

1. e4 d6 2. d4 g6 3. Nc3 Bg7 4. Be3 Nf6 5. h3 O-O 6. Nge2 e5 7. g4 exd4 8. Nxd4
Re8 9. Bg2 Nc6 10. Nde2 Ne5 11. b3 Nfxg4 12. hxg4 Bxg4 13. f4 Nf3+ 14. Kf2 Nh4
15. Qd3 Bxe2 16. Nxe2 Bxa1 17. Rxa1 d5 18. e5 Nf5 19. Bd2 c6 20. Bh3 Ng7 21. Nd4
f6 22. Re1 fxe5 23. fxe5 Qh4+ 24. Kg2 Nh5 25. c4 Qxe1 0-1

[Event "Druzynowe Mistrzostwa Polski Juniorow - I Liga 2018"]
[Site "Kudowa-Zdroj"]
[Date "1899-12-30"]
[Round "2.15"]
[White "Jedrusik, Adam"]
[Black "Adamczyk, Zuzanna"]
[Result "1/2-1/2"]
[WhiteTitle "I"]
[BlackTitle "I++"]
[WhiteElo "1518"]
[BlackElo "1722"]

1. d4 Nf6 2. Nf3 e6 3. Bg5 d5 4. e3 b6 5. Nbd2 Bb7 6. Bd3 Nbd7 7. c3 Be7 8. O-O
Ne4 9. Bxe7 Qxe7 10. Ne5 O-O 11. Nxd7 Qxd7 12. f3 Nxd2 13. Qxd2 Rad8 14. Rad1
c5 15. b4 f5 16. bxc5 bxc5 17. Rb1 Rf7 18. Qb2 Qd6 19. Qa3 c4 20. Qxd6 Rxd6 21.
Bc2 Ra6 22. a4 Bc6 23. Rb4 Rf8 24. Kf2 Kf7 25. Ke2 Ke7 26. f4 Ra8 27. Rfb1 Rb6
28. Kd2 Rab8 29. Bd1 g6 30. g3 Kf6 31. h4 h5 32. Bc2 Ke5 1/2-1/2

[Event "Druzynowe Mistrzostwa Polski Juniorow - I Liga 2018"]
[Site "Kudowa-Zdroj"]
[Date "1899-12-30"]
[Round "2.16"]
[White "Dziendziel, Mateusz"]
[Black "Janeczko, Jakub"]
[Result "1-0"]
[WhiteTitle "II"]
[BlackTitle "II+"]
[WhiteElo "1587"]
[BlackElo "1351"]

1. e4 c5 2. Nf3 Nc6 3. Bb5 a6 4. Bxc6 dxc6 5. d3 Qc7 6. O-O e5 7. b3 Bd6 8. Bb2
Nf6 9. a4 a5 10. Nbd2 b5 11. Re1 O-O 12. axb5 cxb5 13. c4 Ba6 14. Qc2 Nd7 15.
Nf1 Nb6 16. Rxa5 bxc4 17. bxc4 Nd5 18. Rea1 Nb4 19. Qd2 f6 20. Ne3 Bb7 21. Rxa8
Bxa8 22. Ne1 Qb6 23. N1c2 Nxd3 24. Qxd3 Qxb2 25. Rxa8 Qb1+ 26. Nf1 Rxa8 27. Qd5+
Kf8 28. Qxa8+ Ke7 29. Nce3 1-0

[Event "Druzynowe Mistrzostwa Polski Juniorow - I Liga 2018"]
[Site "Kudowa-Zdroj"]
[Date "1899-12-30"]
[Round "2.17"]
[White "Tarka, Aleksandra"]
[Black "Buchta, Agnieszka"]
[Result "1/2-1/2"]
[WhiteTitle "I++"]
[BlackTitle "I++"]
[WhiteElo "1679"]
[BlackElo "1810"]

1. e4 e5 2. Nf3 Nc6 3. Bc4 Nf6 4. Nc3 h6 5. d3 d6 6. h3 g6 7. Be3 Bg7 8. Qd2 Bd7
9. a3 Qe7 10. O-O-O a6 11. Nd5 Nxd5 12. exd5 Nd8 13. Nh2 f5 14. f4 Nf7 15. Rhe1
Qf6 16. fxe5 dxe5 17. Bd4 O-O-O 18. Bc3 Rhe8 19. Nf3 h5 20. Qf2 Kb8 21. Re2 g5
22. Rde1 g4 23. Nxe5 Nxe5 24. Rxe5 Rxe5 25. Bxe5 Qh6+ 26. Qf4 Qxf4+ 27. Bxf4 gxh3
28. gxh3 Bf6 29. c3 Kc8 30. Rg1 Re8 31. Kd2 b5 32. Ba2 c6 33. dxc6 Bxc6 34. Rg6
Rf8 35. Bd6 Be8 36. Be6+ Kd8 37. Bxf8 Bxg6 38. Ke3 Bg5+ 39. Kd4 Bc1 40. b3 f4
41. Bd5 Be3+ 42. Ke5 Bxd3 43. Bf3 Bf1 44. h4 Bf2 45. Kxf4 Bxh4 46. Bxh5 Bf6 47.
Bb4 Bd3 48. Bf3 Bc2 49. Bb7 Bxb3 50. Bxa6 Ba4 51. Kf5 Bg7 52. c4 bxc4 53. Ke4
1/2-1/2

[Event "Druzynowe Mistrzostwa Polski Juniorow - I Liga 2018"]
[Site "Kudowa-Zdroj"]
[Date "1899-12-30"]
[Round "2.18"]
[White "Zniszczol, Wiktoria"]
[Black "Rejniak, Zuzanna"]
[Result "1-0"]
[WhiteTitle "I+"]
[BlackTitle "I++"]
[WhiteElo "1568"]
[BlackElo "1559"]

1. e4 c6 2. d4 d5 3. exd5 cxd5 4. c3 Nc6 5. Bf4 g6 6. Nd2 Bg7 7. Ngf3 Nh6 8. Bd3
O-O 9. O-O f6 10. Re1 Nf7 11. Bb5 Re8 12. Nb3 e5 13. dxe5 fxe5 14. Be3 a6 15.
Bxc6 bxc6 16. Nc5 Nd6 17. Qa4 Qc7 18. Rad1 Bf5 19. Qh4 Nc4 20. b3 Nxe3 21. Rxe3
Qb6 22. Na4 Qc7 23. Nc5 Qb6 24. Na4 Qc7 25. Nc5 Qb6 26. Na4 Qd8 27. Qxd8 Raxd8
28. Nc5 d4 29. cxd4 e4 30. Rde1 Bh6 31. R3e2 Bg7 32. Nxe4 Rxe4 33. Rxe4 Bxe4 34.
Rxe4 c5 35. dxc5 Rd1+ 36. Re1 Rd5 37. b4 Bc3 38. Rc1 Bxb4 39. c6 Ba5 40. Kf1 Rd8
41. Ne5 Kf8 42. Ke2 Ke8 43. Rd1 Rc8 44. Rc1 Ke7 45. Ke3 Ke6 46. Ke4 Bb6 47. f4
Bc7 48. Nd7 Kd6 49. Ne5 Ke6 50. g4 Bxe5 51. fxe5 g5 52. Rf1 Ke7 53. Rf6 1-0

[Event "Druzynowe Mistrzostwa Polski Juniorow - I Liga 2018"]
[Site "Kudowa-Zdroj"]
[Date "1899-12-30"]
[Round "2.19"]
[White "Raczynski, Krzysztof"]
[Black "Bilczewski, Kacper"]
[Result "1-0"]
[WhiteTitle "k+"]
[BlackTitle "k+"]
[WhiteElo "2096"]
[BlackElo "2093"]

1. e4 d6 2. d4 Nf6 3. Nc3 e5 4. Nf3 Nbd7 5. Bc4 Be7 6. O-O O-O 7. Re1 c6 8. a4
a5 9. h3 Nb6 10. Ba2 Nfd7 11. Be3 exd4 12. Bxd4 Nc5 13. Bxc5 dxc5 14. Qe2 Qc7
15. e5 Be6 16. Bxe6 fxe6 17. Ne4 Rf5 18. c4 Raf8 19. b3 Nc8 20. Rad1 h6 21. Rd3
Rd8 22. Rxd8+ Qxd8 23. Rd1 Qc7 24. Qd2 b6 25. Qd7 Qxd7 26. Rxd7 Rf8 27. Nd6 Nxd6
28. exd6 Bf6 29. Rc7 Rb8 30. d7 Rd8 31. Rxc6 Rxd7 32. Rxb6 Rd1+ 33. Kh2 e5 34.
Ng1 e4 35. Re6 Rb1 36. Rxe4 Rxb3 37. Re8+ Kf7 38. Ra8 Be5+ 39. Kh1 Rb4 40. Rxa5
Rxc4 41. g3 Rc2 42. Nf3 Bf6 43. Kg2 c4 44. h4 Ra2 45. g4 c3 46. Rc5 Rxa4 47. g5
hxg5 48. hxg5 Be7 49. Rxc3 Kg6 50. Rc6+ Kf5 51. Rc7 Ke6 52. Rb7 g6 53. Rb6+ Bd6
54. Rb5 Rg4+ 55. Kf1 Re4 56. Ra5 Be7 57. Kg2 Rg4+ 58. Kh3 Rf4 59. Ra6+ Bd6 60.
Kg2 Rg4+ 61. Kf1 Re4 62. Nd2 Rd4 63. Ke2 Rg4 64. f3 Rg2+ 65. Ke3 Kd5 66. Ne4 Be5
67. Rxg6 Ra2 68. Rg8 Ra3+ 69. Ke2 Ra2+ 70. Kf1 Kd4 71. Re8 Bf4 72. g6 Ra7 73.
Rf8 Ke3 74. Rf7 Ra1+ 75. Kg2 Ra2+ 76. Kh3 Kxf3 77. Ng5+ Ke3 78. Re7+ Kd3 79. Kg4
Bc1 80. Nf3 Ra4+ 81. Kh5 Bb2 82. Ne5+ Kd2 83. g7 Ra8 84. Nc4+ 1-0

[Event "Druzynowe Mistrzostwa Polski Juniorow - I Liga 2018"]
[Site "Kudowa-Zdroj"]
[Date "1899-12-30"]
[Round "2.20"]
[White "Polczyk, Mikolaj"]
[Black "Butyrowski, Marcel"]
[Result "1/2-1/2"]
[WhiteTitle "I+"]
[BlackTitle "I+"]
[WhiteElo "2061"]
[BlackElo "1725"]

1. e4 c5 2. Nf3 Nc6 3. d4 cxd4 4. Nxd4 g6 5. c4 Nf6 6. Nc3 Nxd4 7. Qxd4 d6 8. f3
Bg7 9. Be3 O-O 10. Qd2 a5 11. Na4 Nd7 12. Be2 Qc7 13. O-O Nc5 14. Nc3 Be6 15.
Rac1 a4 16. Rfd1 Qa5 17. Bd4 Rfc8 18. Bxg7 Kxg7 19. Qd4+ Kg8 20. f4 Nd7 21. Nd5
Bxd5 22. cxd5 Rc5 23. Rxc5 Qxc5 24. Qxc5 Nxc5 25. Rd4 Kg7 26. Kf2 Kf6 27. g3 e6
28. dxe6 fxe6 29. Ke3 Ke7 30. Rb4 a3 31. b3 Ra5 32. Kd4 e5+ 33. Kc4 exf4 34. gxf4
Nxe4 35. Rxb7+ Kf6 36. Kd4 Nc5 37. Rb6 Ne6+ 38. Ke3 Ke7 39. Rb7+ Kf6 40. Rb6 Ke7
41. Rb7+ Kf6 42. b4 Rf5 43. Bg4 Rd5 44. Rxh7 Ng7 45. Rh8 Rb5 46. Rf8+ Ke7 47.
Ra8 Rxb4 48. Rxa3 Rb2 49. h3 Kf6 50. Ra6 Nf5+ 51. Kf3 Rc2 52. a4 Rc3+ 53. Ke4
Rc4+ 54. Kf3 Rc3+ 55. Ke2 Rc4 56. Kf3 Rc3+ 57. Ke4 Rc4+ 1/2-1/2

[Event "Druzynowe Mistrzostwa Polski Juniorow - I Liga 2018"]
[Site "Kudowa-Zdroj"]
[Date "1899-12-30"]
[Round "2.21"]
[White "Wojdak, Jan"]
[Black "Turski, Bartlomiej"]
[Result "1-0"]
[WhiteTitle "I"]
[BlackTitle "I"]
[WhiteElo "1754"]
[BlackElo "1893"]

1. e4 c5 2. Nf3 d6 3. d4 cxd4 4. Nxd4 Nf6 5. Nc3 Nc6 6. Bg5 e6 7. Qd2 a6 8. O-O-O
Bd7 9. f3 h6 10. Be3 b5 11. a3 Ne5 12. g4 Rb8 13. g5 hxg5 14. Bxg5 Nc4 15. Qe1
a5 16. Bxc4 bxc4 17. Be3 a4 18. e5 Ng8 19. exd6 Qc8 20. Ne4 Nf6 21. Nxf6+ gxf6
22. Qc3 Qa6 23. f4 Rh3 24. Rhg1 Qb7 25. Rg3 Rxg3 26. hxg3 Qa6 27. Ne2 Qb5 28.
Bd4 Qh5 29. Re1 Bxd6 30. Bxf6 Bc7 31. Bg5 Qh7 32. Nd4 Rc8 33. Qb4 Bd8 34. Bxd8
Rxd8 35. f5 Qh6+ 36. Kb1 Qf6 37. fxe6 fxe6 38. Qxc4 Ke7 39. Qc5+ Kf7 40. Qh5+
Ke7 41. Nf5+ Kf8 42. Ne3 Qg7 43. Rf1+ Ke7 44. Qc5+ Ke8 45. Nc4 Rb8 46. Qc7 Ra8
47. Nd6+ Ke7 48. Rf7+ 1-0

[Event "Druzynowe Mistrzostwa Polski Juniorow - I Liga 2018"]
[Site "Kudowa-Zdroj"]
[Date "1899-12-30"]
[Round "2.22"]
[White "Panek, Bartosz"]
[Black "Lewandowski, Witold"]
[Result "1-0"]
[WhiteTitle "I"]
[BlackTitle "II+"]
[WhiteElo "1831"]
[BlackElo "1444"]

1. d4 Nf6 2. c4 g6 3. Nc3 Bg7 4. e4 d6 5. Be2 O-O 6. Bg5 c5 7. d5 e6 8. Nf3 exd5
9. exd5 Qb6 10. O-O Qxb2 11. Nb5 Ne4 12. Rb1 Qxa2 13. Bd3 Nc3 14. Nxc3 Bxc3 15.
Be7 Re8 16. Bxd6 Nd7 17. Qc1 Bf6 18. Re1 Rxe1+ 19. Qxe1 Qa3 20. Rd1 Qc3 21. Qe8+
Kg7 22. g4 Qb3 23. Be2 Qb6 24. Be7 Bxe7 25. Qxe7 Qf6 26. Qe8 a5 27. h4 a4 28.
h5 a3 29. g5 h6 30. gxf6+ Nxf6 31. Qe5 a2 32. hxg6 Kxg6 33. Nh4+ Kg7 34. Kh1 1-0